| 000 | 00371nam a2200157Ia 4500 | ||
|---|---|---|---|
| 008 | 210716s2010 xx 000 0 und d | ||
| 020 | _a9788189547639 | ||
| 041 | _aeng | ||
| 082 | _a332.1 SINS | ||
| 100 | _aSingh, S P. | ||
| 245 | _aIndian financial system. | ||
| 250 | _a1 | ||
| 260 |
_aNew Delhi _bWisdom Publicatioms _c2010 |
||
| 300 | _a332 | ||
| 650 | _aFinance | ||
| 999 |
_c207646 _d207646 |
||